00538nam a2200145 4500008004100000082001600041110008300057245005100140260005000191300001000241650002300251942000700274952009600281999001500377240118b |||||||| |||| 00| 0 eng d a305.23bSRI aSri Lanka, Ministry of Planning & Implementation, National planning department aA plan of action for the children of Sri Lanka aColombo:bNational planning department,c1991 a35 p. aCHILDREN-Sri Lanka cRP 00102ddc4070aMAINbMAINd2024-01-18l0o305.23 SRIpRAF4767r2024-01-18w2024-01-18yRP c4646d4646